000 01844nam a2200205Ia 4500
003 Ost
005 20260507075804.0
008 260507s9999||||xx |||||||||||||| ||und||
020 _a9772231549
040 _cfsecg
041 _aara
100 _aعوض الله، عبد المنعم
_eمؤلف
245 0 _a تحليل و نقد القوائم المالية (ك3) /
_c عبد المنعم عوض الله
260 _aالقاهرة:
_bمطبعة مركز التعليم المفتوح,
_c1993
300 _a292 صفحة؛
_bإيضاحات ؛
_c24 سم
520 _aالدورة العامة للمحاسبة عند إعداد القوائم المالية، ماهية القوائم المالية و الدورة الخاصة لاعدادها، معايير المحاسبة وارتباطها بالقوائم المالية، الافصاح في القوائم المالية، إعداد القوائم المالية لاغراض التفسير والنقد و التحليل، المحاسبة عن التدفقات النقدية، قوائم التدفقات النقدية لأغراض تحليل القوائم المالية، قائمة مصادر الأموال و استخدامها-تطوير وتحليل نقد، إعداد الصور المبسطة لقائمة حركة رأس المال العامل ومصادرها واستخدامها، قائمة حركة رأس المال العامل ومصادرها واستخدامها، إعداد وتحليل قوائم التدفقات النقدية الفعلية و الاعتبارية، اعداد وتحليل ونقد النسب العامة لبنود قوائم الدخل للمبيعات
700 _aحجازي، محمد عبد العزيز
_eمؤلف ثانوي
700 _aحمدي، محمود عباس
_eمؤلف ثانوي
942 _cكتاب
999 _c46360
_d46360